| 000 | 00575nam a2200145Ia 4500 | ||
|---|---|---|---|
| 008 | 231221s9999 xx 000 0 und d | ||
| 020 | _a978-1-4614-6154-8 | ||
| 041 | _aEnglish | ||
| 100 | _aNabendu Chaki, Natarajan Meghanathan, Dhinaharan Nagamalai | ||
| 245 | 0 | _aComputer Networks & Communications (NetCom) | |
| 260 |
_c2013 _bSpringer New York _aNew York |
||
| 440 | _aLecture Notes in Electrical Engineering | ||
| 650 | _aCommunications Engineering, Networks; Computer Systems Organization and Communication Networks; Signal,Image and Speech Processing | ||
| 942 | _cEB | ||
| 999 |
_c227092 _d227092 |
||